Normal view
MARC view
- World War, 1914-1918
Entry Topical Term
001 - CONTROL NUMBER
- control field: 49625
003 - CONTROL NUMBER IDENTIFIER
- control field: NUST
005 - DATE AND TIME OF LATEST TRANSACTION
- control field: 20210314134407.0
008 - FIXED-LENGTH DATA ELEMENTS
- fixed length control field: 210314|| aca||aabn | a|a d
040 ## - CATALOGING SOURCE
- Original cataloging agency: NUST
- Transcribing agency: NUST
150 ## - HEADING--TOPICAL TERM
- Topical term or geographic name entry element: World War, 1914-1918
- General subdivision: Prisoners and prisons, German
670 ## - SOURCE DATA FOUND
- Source citation: Work cat.: (NUST): Harrison, Michael Charles Cooper, 49624, Within four walls,, 1930.
